00824nam a2200205Ia 4500008004100000020001500041041001200056082001600068100001900084245006100103250000800164260003800172300000800210650001600218700001900234942000700253999001500260952017200275952017100447221030s9999 xx 000 0 und d a0071143238 aEnglish a105.23bHam aV. C. Hamacher 0aComputer Organizationcby V. C. Hamacher, Z. G. Vranesic a4th bMcGraw-Hill Pub.aNew Delhic2000 a555 aBE Computer aZ. G. Vranesic cBK c7505d7505 pBE 4058g372.00l0o105.23 Hamr2024-06-13 00:00:00w2022-10-30yBK003Print4070aMIETLIBbMIETLIBcBL-Academic Block C, FL-2, CUP-105, SH-1, R-1d2001-07-2510HBE pBE 4059g372.00l0o105.23 Hamr2024-06-13 00:00:00w2022-10-30yBK003Print4070aMIETLIBbMIETLIBcBL-Academic Blockc, FL-2, CUP-105, SH-1, R-1d2001-07-2510HBE